On This Day: April 17th II Quiz Stats

 Plays Quiz Updated Apr 17, 2018

Challenge
Share
Tweet
Embed
Score 0/7 Timer 03:00
0 Plays Today
Question Answer Wrong Answers
The Khmer Rouge captures Phnom Penh, ending the ______ Civil War.
1975
Cambodian
90.8%
Laotian
3.8%
Mozambican
1.3%
Malayan
2.4%
Sirhan Sirhan is convicted of assassinating this man.
1969
Robert F. Kennedy
76.7%
John F. Kennedy
4%
Martin Luther King Jr.
9%
Harvey Milk
8.8%
This American banker and financier, who had financial investments in many large corporations, like US Steel, during the Progressive Era, is born.
1837
J. P. Morgan
75.6%
Cornelius Vanderbilt
21.7%
Nikola Tesla
1%
Jay Gould
1.6%
NASA's Kepler space observatory confirms the discovery of the first Earth-size planet in the ______ of another star.
2014
Habitable Zone
63.6%
Sustainable Belt
23.8%
Tolerable Region
6.2%
Endurable Realm
4.1%
Known as the Lena Massacre, Russian troops open fire on striking goldfield workers in this region of North Asia, triggering a wave of strikes and protests.
1912
Siberia
60.5%
Caucasus
17.1%
Balkans
13.7%
Volga
7.6%
The Peak District becomes the United Kingdom's first ______.
1951
National Park
53.4%
National Bank
4.4%
Historic District
36.4%
Royal Square
4.6%
The Constitution Act, 1982 is signed into law by Queen Elizabeth II, giving this country formal authority over their constitution, the final step to full sovereignty.
1982
Canada
43.3%
New Zealand
22.7%
India
27.8%
Egypt
4.3%

Today's Daily Dose

You're not logged in!

Compare scores with friends on all Sporcle quizzes.
OR
Log In

You Might Also Like...

Show Comments

Extras

Top Quizzes Today


Score Distribution

Your Account Isn't Verified!

In order to create a playlist on Sporcle, you need to verify the email address you used during registration. Go to your Sporcle Settings to finish the process.

Report this User

Report this user for behavior that violates our Community Guidelines.

Details: